Derechos humanos y dominación cultural

Gardado en:
Detalles Bibliográficos
Autor Principal: Camacho Monge, Daniel
Formato: Texto
Publicado: Tegucigalpa :
Etiquetas: Engadir etiqueta
Sen Etiquetas, Sexa o primeiro en etiquetar este rexistro!

MARC

LEADER 00000 a a2200000 04500
001 15659
003
040
090 |a 029800  
100 |a Camacho Monge, Daniel  
245 |a Derechos humanos y dominación cultural  
260 |a Tegucigalpa :  
300 |a 10 p.  
999 |c 15024  |d 15024